00685nam a2200205 a 4500008004100000020002200041245014200063260002900205300003400234504004000268500002000308650002800328650002500356650002900381650001800410700002400428003000100452005001700453040000900470  z47145480x (cased)00aOrganizational stress :bstudies in role conflict and ambiguity /cRobert L. Kahn [and others] in collaboration with Robert A. Rosenthal. aNew York :bWiley,c1964 axii, 470 p. :bill. ;c24 cm. aIncludes biliographical references. aIncludes index. 0aPsychology, Industrial. 0aStress (Psychology). 0aInterpersonal relations. 0aOrganization.1 aKahn, Robert Louis.20230123133607.0 cNUST